| 000 | 00433nam a2200133 a 4500 | ||
|---|---|---|---|
| 001 | 000037782 | ||
| 005 | 20201002031119.0 | ||
| 008 | 130306s1984 dr 000 0 spa d | ||
| 040 |
_aDO-SdBNP _bspa _cBNPHU |
||
| 100 | 1 |
_aPiantini, Ramón A. _954327 |
|
| 245 | 1 | 0 |
_aLegislación económica 1983 / _cRamón A. Piantini. |
| 260 |
_aSanto Domingo : _bCentro de Estudios Monetarios y Bancarios (CEMYB) , _c1984. |
||
| 300 |
_a59 p. : ; _c21 cm. |
||
| 999 |
_c37272 _d37272 |
||